El cambio de las organizaciones sociales /

Guardado en:
Bibliografiske detaljer
Hovedforfatter: Cueto Saldaña, Jorge Eduardo (autor)
Format: Tesis Bog
Sprog:spansk
Fag:
Tags: Tilføj Tag
Ingen Tags, Vær først til at tagge denne postø!

MARC

LEADER 00000nam^a2200000^a^4500
001 000184484
005 20250521000000.0
009 20260310102116.107
037 |a Acervo ITESO - Biblioteca 
041 |a ESP 
090 |a RIT. 100 
100 |a Cueto Saldaña, Jorge Eduardo  |e (autor) 
245 1 3 |a El cambio de las organizaciones sociales /  |c J.E. Cueto Saldaña. 
264 |a Guadalajara, México :  |b edición de autor,  |c 2006 
300 |a 1 disco compacto de computadora 
336 |a datos para computadora  |b cod  |2 rdacontenido 
337 |a computadora  |b c  |2 rdamedio 
338 |a disco de computadora  |b cd  |2 rdasoporte 
502 |a ITESO Tesis de Licenciatura en Relaciones Internacionales 
649 |a XX 
650 |a Mercadotecnia Política 
650 |a Mercadotecnia 
650 |a Comunicación y Política 
650 |a Poder Político 
650 |a Partidos Políticos 
650 |a Democracia 
650 |a Elecciones 
650 |a Campaña Electoral -  |x Administración 
650 |a Campaña Electoral -  |x Aspectos Económicos 
650 |a Financiamiento de las Actividades Políticas 
650 |a Financiamiento (de Empresas, Proyectos, etc.) 
650 |a Regulación Económica 
650 |a Desregulación Económica 
650 |a Instituciones Políticas 
650 |a Proceso Político 
650 |a Etica Política 
650 |a Política -  |z México 
650 |a Encuestas de Opinión 
650 |a Política Comparada 
910 |a Fondo General 
920 |a Electrónicos - Tesis del ITESO en Disco 
905 |a 202 
901 |a 0500125246  |b IT2  |c STS  |u 20250521 
902 |a https://opac.biblio.iteso.mx/vufind/Record/000184484